Who Scored The Goal? (Fenerbahçe 23/24) - Statistics

General Stats
  • This quiz has been taken 182 times
    99 since last reset
  • The average score is 61 of 99
Answer Stats
Match Scorer % Correct
Fenerbahçe - Gaziantep FK 3' 1-0 Edin Dzeko
97%
Fenerbahçe - Gaziantep FK18' 2-0 Edin Dzeko
94%
Samsunspor - Fenerbahçe62' 0-1 Edin Dzeko
89%
Fenerbahçe - Antalyaspor45+1' 1-1 Edin Dzeko
83%
Samsunspor - Fenerbahçe90+8' 0-2 Sebastian Szymanski
81%
Alanyaspor - Fenerbahçe43' 0-1 İrfan Can Kahveci
78%
MKE Ankaragücü - Fenerbahçe60' 0-1 Bright Osayi-Samuel
75%
Fenerbahçe - Antalyaspor56' 2-1 İrfan Can Kahveci
75%
Fenerbahçe - Antalyaspor80' 3-2 Sebastian Szymanski
75%
Beşiktaş - Fenerbahçe63' 1-2 Dusan Tadic
73%
Fenerbahçe - Trabzonspor61' 1-3 Dusan Tadic
72%
Fenerbahçe - Trabzonspor90' 2-3 Dusan Tadic
72%
Beşiktaş - Fenerbahçe10' 0-1 Edin Dzeko
72%
Kasımpaşa - Fenerbahçe6' 0-1 Edin Dzeko
70%
Beşiktaş - Fenerbahçe90+6' 1-3 Sebastian Szymanski
70%
Galatasaray - Fenerbahçe71' 0-1 Çağlar Söyüncü
69%
Kasımpaşa - Fenerbahçe45+3' 0-2 Dusan Tadic
69%
Fenerbahçe - Çaykur Rizespor62' 3-0 Edin Dzeko
69%
İstanbulspor - Fenerbahçe45+1' 1-4 Edin Dzeko
69%
Fenerbahçe - Konyaspor32' 2-0 Edin Dzeko
69%
Fenerbahçe - Konyaspor40' 3-0 Edin Dzeko
69%
Trabzonspor - Fenerbahçe13' 0-1 Fred
69%
Trabzonspor - Fenerbahçe45+4' 0-2 Fred
69%
Trabzonspor - Fenerbahçe87' 2-3 Michy Batshuayi
69%
Fenerbahçe - Başakşehir20' 3-0 Sebastian Szymanski
69%
Fenerbahçe - Konyaspor11' 1-0 Edin Dzeko
67%
Fenerbahçe - Başakşehir80' 4-0 Sebastian Szymanski
67%
Fenerbahçe - Başakşehir5' 1-0 Alexander Djiku
66%
İstanbulspor - Fenerbahçe6' 0-1 Cengiz Ünder
66%
İstanbulspor - Fenerbahçe34' 1-2 Cengiz Ünder
66%
İstanbulspor - Fenerbahçe44' 1-3 Cengiz Ünder
66%
İstanbulspor - Fenerbahçe46' 1-5 Cengiz Ünder
66%
Fenerbahçe - Çaykur Rizespor75' 4-0 Dusan Tadic
66%
Fenerbahçe - Çaykur Rizespor3' 1-0 Sebastian Szymanski
66%
Pendikspor - Fenerbahçe87' 0-5 Edin Dzeko
64%
Fenerbahçe - Alanyaspor59' 2-1 Edin Dzeko
64%
Fenerbahçe - Çaykur Rizespor47' 2-0 İrfan Can Kahveci
64%
Başakşehir - Fenerbahçe90+4 0-1 Michy Batshuayi
64%
Fenerbahçe - Hatayspor39' 3-0 Edin Dzeko
63%
Pendikspor - Fenerbahçe65' 0-3 Edin Dzeko
63%
Pendikspor - Fenerbahçe77' 0-4 Edin Dzeko
63%
Çaykur Rizespor - Fenerbahçe65' 1-2 Edin Dzeko
63%
Fenerbahçe - İstanbulspor8' 1-0 Edin Dzeko
63%
Fenerbahçe - Hatayspor63' 4-1 İrfan Can Kahveci
63%
Fenerbahçe - Pendikspor59' 1-1 Mert Hakan Yandaş
63%
Fenerbahçe - Kasımpaşa90+6' 2-1 Michy Batshuayi
63%
Fenerbahçe - Pendikspor87' 2-1 Michy Batshuayi
63%
Fenerbahçe - Fatih Karagümrük48' 1-1 Dusan Tadic
61%
Fenerbahçe - Fatih Karagümrük58' 2-1 Dusan Tadic
61%
Fenerbahçe - Alanyaspor49' 1-1 Dusan Tadic
61%
Fenerbahçe - Adana Demirspor70' 3-1 Dusan Tadic
61%
Fenerbahçe - Sivasspor75' 4-1 Edin Dzeko
61%
Fenerbahçe - Pendikspor90+4' 3-1 Ferdi Kadıoğlu
61%
Gaziantep FK - Fenerbahçe81' 0-1 İrfan Can Kahveci
61%
Çaykur Rizespor - Fenerbahçe90+3' 1-3 İrfan Can Kahveci
61%
Antalyaspor - Fenerbahçe90+5' 0-2 Michy Batshuayi
61%
Fenerbahçe - MKE Ankaragücü20' 1-1 Cengiz Ünder
59%
Fenerbahçe - MKE Ankaragücü32' 2-1 Cengiz Ünder
59%
Fenerbahçe - Samsunspor12' 1-0 İrfan Can Kahveci
59%
Fenerbahçe - Kasımpaşa64' 1-1 Mert Hakan Yandaş
59%
Fenerbahçe - Konyaspor42' 4-0 Mert Müldür
59%
Kayserispor - Fenerbahçe79' 3-4 Michy Batshuayi
59%
Fenerbahçe - Beşiktaş30' 1-0 Michy Batshuayi
59%
Fenerbahçe - Hatayspor7' 1-0 Sebastian Szymanski
59%
Fenerbahçe - Konyaspor44' 5-0 Sebastian Szymanski
59%
Çaykur Rizespor - Fenerbahçe48' 1-1 Serdar Dursun
59%
Fenerbahçe - İstanbulspor35' 3-0 Dusan Tadic
58%
Fenerbahçe - Sivasspor42' 2-0 İrfan Can Kahveci
58%
Fenerbahçe - Pendikspor90+9' 4-1 İrfan Can Kahveci
58%
Fenerbahçe - Beşiktaş69' 2-0 İrfan Can Kahveci
58%
Fenerbahçe - Çaykur Rizespor90+3' 5-0 Joshua King
58%
Kayserispor - Fenerbahçe40' 0-2 Michy Batshuayi
58%
Kayserispor - Fenerbahçe50' 1-3 Michy Batshuayi
58%
Kayserispor - Fenerbahçe8' 0-1 Cengiz Ünder
56%
Fenerbahçe - Adana Demirspor51' 2-1 Edin Dzeko
56%
Fatih Karagümrük - Fenerbahçe49' 1-1 Edin Dzeko
56%
Pendikspor - Fenerbahçe42' 0-2 İrfan Can Kahveci
56%
Fenerbahçe - Konyaspor63' 6-0 Michy Batshuayi
56%
Antalyaspor - Fenerbahçe42' 0-1 Cengiz Ünder
55%
Sivasspor - Fenerbahçe45+2' 0-1 Fred
55%
Sivasspor - Fenerbahçe80' 1-2 İrfan Can Kahveci
55%
Fenerbahçe - Sivasspor17' 1-0 Sebastian Szymanski
55%
Fenerbahçe - Hatayspor15' 2-0 Bright Osayi-Samuel
53%
Hatayspor - Fenerbahçe40' 0-2 Cengiz Ünder
52%
Fenerbahçe - İstanbulspor15' 2-0 Sebastian Szymanski
52%
Fenerbahçe - Kayserispor43' 2-0 Alexander Djiku
50%
Hatayspor - Fenerbahçe24' 0-1 Bright Osayi-Samuel
50%
Fenerbahçe - Kayserispor18' 1-0 Michy Batshuayi
50%
Fenerbahçe - İstanbulspor78' 6-0 Joshua King
48%
Fatih Karagümrük - Fenerbahçe57' 1-2 Michy Batshuayi
48%
Fenerbahçe - Adana Demirspor85' 4-2 Serdar Dursun
48%
Fenerbahçe - İstanbulspor76' 5-0 Serdar Dursun
47%
Fenerbahçe - Adana Demirspor17' 1-0 Alexander Djiku
45%
Fenerbahçe - İstanbulspor66' 4-0 Bright Osayi-Samuel
45%
Fenerbahçe - Kayserispor59' 3-0 Çağlar Söyüncü
45%
Fenerbahçe - Başakşehir10' 2-0 Leo Duarte (OG)
45%
Fenerbahçe - Konyaspor83' 7-0 Uğurcan Yazğılı (OG)
42%
Pendikspor - Fenerbahçe30' 0-1 Erdem Canpolat (OG)
41%
Fenerbahçe - Sivasspor68' 3-1 Alaaddin Okumuş (OG)
36%
No matching quizzes found
Score Distribution
Percent of People with Each Score
Percentile by Number Answered
Your Score History
You have not taken this quiz since the last reset